000 00357nam a2200133Ia 4500
008 240624s9999 xx 000 0 und d
041 _aeng
082 _a005.36 STA
100 _aSTANEK WILLIAM R
245 _aWINDOWS 7 ADMINISTRATOR S POCKET CONSULT
260 _c2009
_aNew Delhi
_bPHI Learning
300 _axxi, : 680 : p. : cm. ; 20
365 _cRS
_b36
999 _c15397
_d15397